| 000 | 01195nam a22002775a 4500 | ||
|---|---|---|---|
| 003 | OSt | ||
| 005 | 20161220115520.0 | ||
| 008 | 161220s2015 ua frb 000 0 ara d | ||
| 015 | _a2015/1694 | ||
| 020 | _a9789779025469 | ||
| 040 |
_aEG-ScBUE _bara _cEG-ScBUE |
||
| 043 |
_af-ua--- _af-ly--- |
||
| 082 | 0 | 4 |
_a342.085 _bع ط ي _222 |
| 100 | 1 | _aعطية، حمدي رجب. | |
| 245 | 1 | 2 |
_aالحماية الجنائية لحق الإنسان في الحياة، وفي الحرية الشخصية، وفي بيئة أمنة نظيفة / _cتأليف حمدي رجب عطية. |
| 260 |
_aالقاهرة : _bالمكتبات القانونية المصرية ؛ _aمصراتة : _bمكتبة الشعب، _c2015. |
||
| 300 |
_a361 ص. ؛ _c24 سم. |
||
| 504 | _aيشتمل على إرجاعات ببليوجرافية. | ||
| 650 | 7 |
_aحقوق الإنسان _xقوانين وتشريعات _zمصر. _2BUEsh |
|
| 650 | 7 |
_aحقوق الإنسان _xقوانين وتشريعات _zليبيا. _2BUEsh |
|
| 650 | 7 |
_aالحقوق المدنية _zمصر. _2BUEsh |
|
| 650 | 7 |
_aالحقوق المدنية _zليبيا _2BUEsh |
|
| 651 | _2BUEsh | ||
| 653 |
_bLLAAWW _cDecember2016 |
||
| 942 | _2ddc | ||
| 999 |
_c23651 _d23623 |
||